[Event "Lloyds Bank Masters 04th"]
[Site "London"]
[Date "1980.08.25"]
[Round "6.36"]
[White "Conquest, Stuart"]
[Black "Calvo Minguez, Ricardo"]
[Result "1-0"]
[WhiteElo "2120"]
[BlackElo "2420"]
[PlyCount "83"]
[EventDate "1980.08.20"]
[EventType "swiss"]
[EventRounds "9"]
[EventCountry "ENG"]
[SourceTitle "BritBase"]
[Source "John Saunders"]
[SourceDate "2020.09.07"]
[SourceVersion "1"]
[SourceVersionDate "2020.09.07"]
[SourceQuality "2"]

1. d4 d5 2. c4 e6 3. Nc3 c5 4. cxd5 cxd4 5. Qa4+ Bd7 6. Qxd4 exd5 7. Qxd5 Nc6
8. e3 Nf6 9. Qb3 Bc5 10. Nf3 Qe7 11. Bb5 O-O-O 12. O-O g5 13. Qc4 Kb8 14. Nd4
Ne5 15. Qa4 Bc8 16. Rd1 Rhg8 17. b4 Bxb4 18. Bd2 Bc5 19. Rab1 Bb6 20. Bc1 Nd5
21. Nxd5 Rxd5 22. Ba3 Qf6 23. Qb3 Rgd8 24. Bb2 Qd6 25. Be2 Ng4 26. Nf3 Be6 27.
Qa4 f6 28. Rxd5 Qxd5 29. Nd4 Nxf2 30. Kxf2 Bxd4 31. Bxd4 Qf5+ 32. Bf3 Qxb1 33.
Qxa7+ Kc7 34. Qc5+ Kd7 35. Bxf6 Re8 36. Qd4+ Kc8 37. Qc5+ Kd7 38. Be5 Qxa2+ 39.
Kg3 Re7 40. Qc7+ Ke8 41. Bh5+ Rf7 42. Bf6 1-0

[Event "Lloyds Bank Masters 04th"]
[Site "London"]
[Date "1980.08.26"]
[Round "7.1"]
[White "Law, Andrew P"]
[Black "Gutman, Lev"]
[Result "1/2-1/2"]
[WhiteElo "2375"]
[BlackElo "2430"]
[PlyCount "71"]
[EventDate "1980.08.20"]
[EventType "swiss"]
[EventRounds "9"]
[EventCountry "ENG"]
[SourceTitle "BritBase"]
[Source "John Saunders"]
[SourceDate "2020.09.07"]
[SourceVersion "1"]
[SourceVersionDate "2020.09.07"]
[SourceQuality "2"]

1. Nf3 Nf6 2. c4 g6 3. Nc3 d5 4. d4 Bg7 5. cxd5 Nxd5 6. e4 Nb6 7. h3 O-O 8. Be2
a5 9. O-O a4 10. Bf4 c6 11. Qc1 Be6 12. Rd1 Bc4 13. Bxc4 Nxc4 14. Nxa4 Rxa4 15.
b3 Rb4 16. bxc4 Nd7 17. Rb1 Qb6 18. Qc2 Rxb1 19. Rxb1 Qa6 20. c5 Ra8 21. Qb3
Bxd4 22. Nxd4 e5 23. Qxb7 Qxb7 24. Rxb7 Nxc5 25. Rc7 exd4 26. Rxc6 Nxe4 27. f3
Nc3 28. Kf1 f6 29. Rc4 Rd8 30. a4 Kf7 31. Bd2 Nb1 32. Bb4 d3 33. Rc1 d2 34. Rd1
Rd4 35. Bc5 Rd5 36. Bb4 1/2-1/2

[Event "Lloyds Bank Masters 04th"]
[Site "London"]
[Date "1980.08.26"]
[Round "7.5"]
[White "Shamkovich, Leonid"]
[Black "Gelpke, Peter"]
[Result "1-0"]
[WhiteElo "2515"]
[BlackElo "2240"]
[PlyCount "71"]
[EventDate "1980.08.20"]
[EventType "swiss"]
[EventRounds "9"]
[EventCountry "ENG"]
[SourceTitle "BritBase"]
[Source "John Saunders"]
[SourceDate "2020.09.07"]
[SourceVersion "1"]
[SourceVersionDate "2020.09.07"]
[SourceQuality "2"]

1. d4 Nf6 2. c4 g6 3. Nc3 Bg7 4. e4 d6 5. f3 O-O 6. Be3 a6 7. Qd2 b6 8. Rd1
Nbd7 9. Nh3 c5 10. d5 Ne5 11. Nf2 b5 12. cxb5 axb5 13. Bxb5 Ba6 14. Bxa6 Rxa6
15. Qe2 Qa5 16. O-O Rb6 17. Bc1 Qa6 18. Qxa6 Rxa6 19. f4 Nc4 20. Rde1 Nd7 21.
Nfd1 Rb8 22. Re2 Rab6 23. b3 Na5 24. Na4 Ra6 25. Rc2 Rb4 26. e5 c4 27. Bd2 Rb8
28. b4 Nb7 29. Ndb2 dxe5 30. Rxc4 Nf6 31. Rfc1 Raa8 32. Nb6 Rxa2 33. Rc8+ Rxc8
34. Rxc8+ Bf8 35. fxe5 Rxb2 36. exf6 1-0

[Event "Lloyds Bank Masters 04th"]
[Site "London"]
[Date "1980.08.26"]
[Round "7.6"]
[White "Watson, William N"]
[Black "Hartoch, Robert"]
[Result "1-0"]
[WhiteElo "2300"]
[BlackElo "2395"]
[PlyCount "97"]
[EventDate "1980.08.20"]
[EventType "swiss"]
[EventRounds "9"]
[EventCountry "ENG"]
[SourceTitle "BritBase"]
[Source "John Saunders"]
[SourceDate "2020.09.07"]
[SourceVersion "1"]
[SourceVersionDate "2020.09.07"]
[SourceQuality "2"]

1. e4 d6 2. d4 Nf6 3. Nc3 g6 4. Nf3 Bg7 5. Bg5 O-O 6. Qd2 c6 7. Bd3 Nbd7 8.
O-O-O e5 9. dxe5 dxe5 10. h4 h5 11. g4 Qa5 12. gxh5 Nxh5 13. Rdg1 Nc5 14. Bh6
Ne6 15. Bxg7 Kxg7 16. Ng5 Nef4 17. Be2 Rd8 18. Qe1 Rh8 19. Bxh5 Rxh5 20. Qd1
Qc5 21. Ne2 Qxf2 22. Nxf4 Qxf4+ 23. Kb1 Rxh4 24. Rxh4 Qxh4 25. Qd8 Qf2 26. Rh1
Bh3 27. Qxa8 Qg2 28. Ne6+ fxe6 29. Rd1 Qxe4 30. Qxb7+ Kf6 31. Qxa7 Qe2 32. Qd7
Bg4 33. Rc1 e4 34. Qxc6 Bf3 35. Qc3+ Kf5 36. Re1 Qf2 37. Qe3 Qxe3 38. Rxe3 Kf4
39. Re1 g5 40. b4 g4 41. b5 g3 42. a4 e3 43. c4 e2 44. c5 Ke3 45. Kc1 g2 46. c6
Kf2 47. Kd2 g1=Q 48. Rxg1 Kxg1 49. Ke1 1-0

[Event "Lloyds Bank Masters 04th"]
[Site "London"]
[Date "1980.08.26"]
[Round "7.7"]
[White "Ligterink, Gert"]
[Black "Riedel, Wolfgang"]
[Result "1-0"]
[WhiteElo "2455"]
[BlackElo "2295"]
[PlyCount "92"]
[EventDate "1980.08.20"]
[EventType "swiss"]
[EventRounds "9"]
[EventCountry "ENG"]
[SourceTitle "BritBase"]
[Source "John Saunders"]
[SourceDate "2020.09.07"]
[SourceVersion "1"]
[SourceVersionDate "2020.09.07"]
[SourceQuality "2"]

1. d4 Nf6 2. c4 g6 3. Nc3 Bg7 4. e4 d6 5. Be2 O-O 6. Bg5 h6 7. Be3 c5 8. e5
Nfd7 9. exd6 exd6 10. Nf3 Nc6 11. O-O Re8 12. Qd2 Kh7 13. Rad1 b6 14. Nb5 Nf6
15. dxc5 dxc5 16. Qc1 Qe7 17. Rfe1 Be6 18. Bf4 Rec8 19. Ne5 Nxe5 20. Bxe5 Ne8
21. Bf3 Bxe5 22. Bxa8 Qf6 23. Bd5 Bxb2 24. Bxe6 fxe6 25. Rd7+ Ng7 26. Qe3 a6
27. Nc7 Bd4 28. Qf3 Qxf3 29. gxf3 Kh8 30. Nxe6 Re8 31. Rd8 Rxd8 32. Nxd8 b5 33.
Nf7+ Kg8 34. Nd6 b4 35. Re7 Nh5 36. Ra7 Nf4 37. Rxa6 Nd3 38. Kf1 Nb2 39. f4 Nd3
40. f5 gxf5 41. Nxf5 Bb2 42. Nxh6+ Kh7 43. Nf5 Ne5 44. Nd6 Nf3 45. Ke2 Nd4+ 46.
Kd3 Nf3 1-0

[Event "Lloyds Bank Masters 04th"]
[Site "London"]
[Date "1980.08.26"]
[Round "7.8"]
[White "Pytel, Krzysztof"]
[Black "Cox, John J"]
[Result "1/2-1/2"]
[WhiteElo "2450"]
[BlackElo "2180"]
[PlyCount "61"]
[EventDate "1980.08.20"]
[EventType "swiss"]
[EventRounds "9"]
[EventCountry "ENG"]
[SourceTitle "BritBase"]
[Source "John Saunders"]
[SourceDate "2020.09.07"]
[SourceVersion "1"]
[SourceVersionDate "2020.09.07"]
[SourceQuality "2"]

1. c4 e5 2. Nc3 Nc6 3. g3 g6 4. Bg2 Bg7 5. Rb1 a5 6. a3 Nf6 7. b4 axb4 8. axb4
O-O 9. b5 Ne7 10. Nf3 d5 11. cxd5 Nexd5 12. Bb2 Bf5 13. Ra1 Rxa1 14. Qxa1 Nb4
15. O-O Nc2 16. Qa4 Nd4 17. Nxe5 Re8 18. f4 Nxe2+ 19. Nxe2 Qxd2 20. Bc3 Qxe2
21. Re1 Qh5 22. Bxb7 Ng4 23. Nxg4 Rxe1+ 24. Bxe1 Bxg4 25. Qa8+ Bf8 26. Bb4 Bc8
27. Qxc8 Qd1+ 28. Kg2 Qe2+ 29. Kh3 Qh5+ 30. Kg2 Qe2+ 31. Kh3 1/2-1/2

[Event "Lloyds Bank Masters 04th"]
[Site "London"]
[Date "1980.08.26"]
[Round "7.9"]
[White "Iskov, Gert"]
[Black "Jacobs, Byron A"]
[Result "1-0"]
[WhiteElo "2400"]
[BlackElo "2160"]
[PlyCount "109"]
[EventDate "1980.08.20"]
[EventType "swiss"]
[EventRounds "9"]
[EventCountry "ENG"]
[SourceTitle "BritBase"]
[Source "John Saunders"]
[SourceDate "2020.09.07"]
[SourceVersion "1"]
[SourceVersionDate "2020.09.07"]
[SourceQuality "2"]

1. e4 e5 2. Nc3 Nf6 3. f4 d5 4. fxe5 Nxe4 5. d3 Nxc3 6. bxc3 d4 7. Nf3 Bg4 8.
Be2 Bc5 9. O-O dxc3+ 10. Kh1 Nc6 11. Qe1 O-O 12. Qg3 Bh5 13. Rb1 Bg6 14. Rb3
Nd4 15. Nxd4 Qxd4 16. Bf3 Rfe8 17. Bxb7 Rab8 18. Bf4 a5 19. Ba6 a4 20. Rxb8
Rxb8 21. Bc4 Qd7 22. e6 fxe6 23. Bxc7 Rf8 24. Rxf8+ Bxf8 25. h3 Bf5 26. Qe5 Kh8
27. Bb5 Qf7 28. Bxa4 Bxh3 29. Qf4 Qxf4 30. Bxf4 Bg4 31. Bb3 Bb4 32. Bc7 Ba3 33.
Ba5 Kg8 34. Bxc3 Kf7 35. Be5 g6 36. Kh2 Ke7 37. Kg3 h5 38. Kf4 Bf5 39. Kg5 Bc1+
40. Bf4 Ba3 41. Ba4 Bb2 42. Bc7 Bc1+ 43. Kh4 Ba3 44. Bc6 Kf6 45. Bf3 Bb4 46. a4
Be1+ 47. g3 Bb4 48. Bd8+ Ke5 49. a5 Kd6 50. Kg5 Kd7 51. Bb6 Be7+ 52. Kh6 Bf8+
53. Kh7 Ke8 54. Kg8 Bh6 55. a6 1-0

[Event "Lloyds Bank Masters 04th"]
[Site "London"]
[Date "1980.08.26"]
[Round "7.12"]
[White "Sax, Gyula"]
[Black "Baljon, Christofoor"]
[Result "1-0"]
[WhiteElo "2570"]
[BlackElo "2340"]
[PlyCount "57"]
[EventDate "1980.08.20"]
[EventType "swiss"]
[EventRounds "9"]
[EventCountry "ENG"]
[SourceTitle "BritBase"]
[Source "John Saunders"]
[SourceDate "2020.09.07"]
[SourceVersion "1"]
[SourceVersionDate "2020.09.07"]
[SourceQuality "2"]

1. e4 c5 2. g3 d5 3. exd5 Qxd5 4. Nf3 Bg4 5. Bg2 Qe6+ 6. Kf1 Nc6 7. d3 Qd7 8.
h3 Bh5 9. Be3 c4 10. d4 e5 11. g4 exd4 12. Nxd4 Bg6 13. Qe2 Nxd4 14. Bxd4+ Ne7
15. Be3 Qe6 16. Nc3 Rd8 17. Re1 Rd7 18. f4 f5 19. Bxa7 Qd6 20. Qf2 Qd2 21. g5
Bh5 22. Be3 Qd6 23. Bd5 Qb4 24. Be6 Rd8 25. a4 Qxb2 26. Nb5 Rd1 27. Rxd1 Bxd1
28. Nd6+ Kd8 29. Nf7+ 1-0

[Event "Lloyds Bank Masters 04th"]
[Site "London"]
[Date "1980.08.26"]
[Round "7.14"]
[White "Wells, Peter K"]
[Black "Veroci, Zsuzsa"]
[Result "0-1"]
[WhiteElo "2220"]
[BlackElo "2285"]
[PlyCount "60"]
[EventDate "1980.08.20"]
[EventType "swiss"]
[EventRounds "9"]
[EventCountry "ENG"]
[SourceTitle "BritBase"]
[Source "John Saunders"]
[SourceDate "2020.09.07"]
[SourceVersion "1"]
[SourceVersionDate "2020.09.07"]
[SourceQuality "2"]

1. d4 Nf6 2. c4 g6 3. Nc3 Bg7 4. e4 d6 5. f4 O-O 6. Nf3 c5 7. d5 e6 8. Be2 exd5
9. cxd5 Bg4 10. O-O Nbd7 11. h3 Bxf3 12. Bxf3 a6 13. a4 Qc7 14. Re1 c4 15. Be3
Rfe8 16. Bd4 Nc5 17. e5 Nd3 18. exd6 Rxe1+ 19. Qxe1 Qxd6 20. Qd2 Nxf4 21. Kh1
Nd3 22. Bg1 Re8 23. Bh2 Qb6 24. Bg1 Qb4 25. Rb1 b5 26. axb5 axb5 27. Qc2 Rd8
28. Bd4 Qa5 29. b3 Nxd5 30. Bxg7 N5b4 {Source: BCM, November 1980, p563} 0-1

[Event "Lloyds Bank Masters 04th"]
[Site "London"]
[Date "1980.08.26"]
[Round "7.17"]
[White "Pritchard, David B"]
[Black "Teichmann, Erik OMC"]
[Result "0-1"]
[WhiteElo "2160"]
[BlackElo "2200"]
[PlyCount "68"]
[EventDate "1980.08.20"]
[EventType "swiss"]
[EventRounds "9"]
[EventCountry "ENG"]
[SourceTitle "BritBase"]
[Source "John Saunders"]
[SourceDate "2020.09.07"]
[SourceVersion "1"]
[SourceVersionDate "2020.09.07"]
[SourceQuality "2"]

1. d4 Nf6 2. c4 g6 3. Nc3 Bg7 4. e4 d6 5. Nf3 O-O 6. Be2 e5 7. O-O Nc6 8. d5
Ne7 9. Ne1 Nd7 10. Nd3 f5 11. f3 f4 12. Rb1 g5 13. b4 Nf6 14. Nf2 h5 15. c5 Kh8
16. Ba3 Rg8 17. cxd6 cxd6 18. b5 Bf8 19. h3 b6 20. Rc1 Rg6 21. Na4 Neg8 22. Nb2
Nh6 23. Nbd3 g4 24. hxg4 hxg4 25. Nxf4 exf4 26. Nd3 Nh5 27. fxg4 Qg5 28. Nf2
Bg7 29. Nh3 Qh4 30. Rxc8+ Rxc8 31. gxh5 Rxg2+ 32. Kxg2 Qg3+ 33. Kh1 Qxh3+ 34.
Kg1 Rg8 0-1

[Event "Lloyds Bank Masters 04th"]
[Site "London"]
[Date "1980.08.26"]
[Round "7.19"]
[White "Van der Weide, Piet"]
[Black "Plaskett, H James"]
[Result "0-1"]
[WhiteElo "2280"]
[BlackElo "2405"]
[PlyCount "78"]
[EventDate "1980.08.20"]
[EventType "swiss"]
[EventRounds "9"]
[EventCountry "ENG"]
[SourceTitle "BritBase"]
[Source "John Saunders"]
[SourceDate "2020.09.07"]
[SourceVersion "1"]
[SourceVersionDate "2020.09.07"]
[SourceQuality "2"]

1. e4 c5 2. Nf3 e6 3. c3 Nf6 4. e5 Nd5 5. d4 cxd4 6. cxd4 b6 7. Bd3 Bb7 8. O-O
Be7 9. Nc3 O-O 10. Re1 f5 11. exf6 Nxf6 12. Ne5 Nc6 13. Bb1 Qe8 14. Re3 Qh5 15.
Qd2 Nxd4 16. Qxd4 Bc5 17. Qd2 Bxe3 18. Qxe3 d6 19. Nd3 Ng4 20. Qg3 e5 21. Bc2
Rf6 22. Bd1 Rg6 23. h3 Nxf2 24. Bxh5 Rxg3 25. Nxf2 Rxg2+ 26. Kf1 Rf8 27. Ncd1
Rh2 28. Ke1 d5 29. Bd2 Rg2 30. Bb4 Rg1+ 31. Kd2 Rxf2+ 32. Nxf2 Rxa1 33. Bd1 d4
34. Ng4 e4 35. Bb3+ Kh8 36. Be7 e3+ 37. Kd3 Ba6+ 38. Kxd4 e2 39. Ne5 Rd1+ 0-1

[Event "Lloyds Bank Masters 04th"]
[Site "London"]
[Date "1980.08.26"]
[Round "7.35"]
[White "Hartston, William Roland"]
[Black "Sowray, Peter J"]
[Result "1-0"]
[WhiteElo "2465"]
[BlackElo "2240"]
[PlyCount "133"]
[EventDate "1980.08.20"]
[EventType "swiss"]
[EventRounds "9"]
[EventCountry "ENG"]
[SourceTitle "BritBase"]
[Source "John Saunders"]
[SourceDate "2020.09.07"]
[SourceVersion "1"]
[SourceVersionDate "2020.09.07"]
[SourceQuality "2"]

1. d4 Nf6 2. c4 c5 3. d5 e6 4. Nc3 exd5 5. cxd5 d6 6. Nf3 g6 7. Bg5 h6 8. Bh4
g5 9. Bg3 Nh5 10. e3 Nxg3 11. hxg3 Bg7 12. Bd3 Nd7 13. Qc2 Qe7 14. O-O h5 15.
Bf5 Ne5 16. Bxc8 Nxf3+ 17. gxf3 Rxc8 18. Qf5 Rd8 19. Kg2 Qe5 20. Qxe5+ Bxe5 21.
f4 gxf4 22. gxf4 Bf6 23. Kf3 Ke7 24. a4 Rd7 25. Rh1 b6 26. Rae1 h4 27. Re2 a6
28. Kg4 Rdd8 29. Ne4 b5 30. axb5 axb5 31. Ng5 Ra8 32. e4 Ra4 33. f3 Rb4 34.
Rhh2 Bd4 35. Kf5 Rd8 36. e5 dxe5 37. fxe5 Rxd5 38. Rxh4 Rd8 39. Rhh2 Rb3 40. f4
Rf8 41. Ke4 Rb4 42. Kd5 Rd8+ 43. Kc6 Bg1 44. Rhg2 Bd4 45. f5 Rc8+ 46. Kb7 Rg8
47. f6+ Ke8 48. Kc8 Ra4 49. e6 Rxg5 50. Rxg5 fxe6 51. Rxe6+ Kf8 52. b3 Ra3 53.
Rf5 Kf7 54. Re7+ Kf8 55. Rd7 Ra6 56. f7 Rf6 57. Rxf6 Bxf6 58. Kc7 Be7 59. Kc6
c4 60. b4 Bxb4 61. Kd5 Kg7 62. Ke6 Bf8 63. Rd1 c3 64. Rg1+ Kh6 65. Kf6 Kh5 66.
Kf5 Kh4 67. Ke4 1-0

[Event "Lloyds Bank Masters 04th"]
[Site "London"]
[Date "1980.08.27"]
[Round "8.1"]
[White "Law, Andrew P"]
[Black "Pritchett, Craig William"]
[Result "1/2-1/2"]
[WhiteElo "2375"]
[BlackElo "2390"]
[PlyCount "60"]
[EventDate "1980.08.20"]
[EventType "swiss"]
[EventRounds "9"]
[EventCountry "ENG"]
[SourceTitle "BritBase"]
[Source "John Saunders"]
[SourceDate "2020.09.07"]
[SourceVersion "1"]
[SourceVersionDate "2020.09.07"]
[SourceQuality "2"]

1. d4 e6 2. c4 b6 3. Nc3 Bb7 4. Nf3 Nf6 5. a3 g6 6. d5 Bg7 7. e4 O-O 8. Be2 d6
9. O-O Nbd7 10. Be3 Nc5 11. Qc2 c6 12. Rad1 cxd5 13. cxd5 exd5 14. exd5 Rc8 15.
Qb1 Re8 16. Bb5 Re7 17. Rfe1 a6 18. Bf1 h6 19. g3 Kh7 20. Bg2 Ncd7 21. Nd4 Ne5
22. Bf4 Nh5 23. Bc1 Qd7 24. h3 Rce8 25. g4 Nf6 26. Bf4 b5 27. Bg3 Qc7 28. Re2
Qb6 29. Qc1 b4 30. axb4 Qxb4 1/2-1/2

[Event "Lloyds Bank Masters 04th"]
[Site "London"]
[Date "1980.08.27"]
[Round "8.2"]
[White "Chandler, Murray G"]
[Black "Gutman, Lev"]
[Result "1-0"]
[WhiteElo "2450"]
[BlackElo "2430"]
[PlyCount "83"]
[EventDate "1980.08.20"]
[EventType "swiss"]
[EventRounds "9"]
[EventCountry "ENG"]
[SourceTitle "BritBase"]
[Source "John Saunders"]
[SourceDate "2020.09.07"]
[SourceVersion "1"]
[SourceVersionDate "2020.09.07"]
[SourceQuality "2"]

1. d4 b6 2. e4 e6 3. Nf3 Bb7 4. Bd3 c5 5. O-O cxd4 6. Nxd4 Nc6 7. c3 Nf6 8. Nd2
Ne5 9. Bc2 Ba6 10. f4 Neg4 11. Re1 h5 12. N2f3 Qc7 13. h3 e5 14. fxe5 Nxe5 15.
Bf4 Bd6 16. Bxe5 Bxe5 17. Nxe5 Qxe5 18. Nf5 Qc5+ 19. Qd4 Qxd4+ 20. cxd4 g6 21.
e5 gxf5 22. exf6+ Kf8 23. Re5 Rh6 24. Rxf5 Re8 25. Bb3 Bd3 26. Rf2 Be4 27. d5
a5 28. Rc1 b5 29. a4 bxa4 30. Bxa4 Bxd5 31. Bxd7 Rd8 32. Rc5 Be4 33. Ba4 Kg8
34. Re5 Bb1 35. Rxa5 Rd6 36. Rf1 Bd3 37. Ra8+ Kh7 38. Rd1 Rg6 39. Ra7 Rg3 40.
Rxf7+ Kh6 41. Rg7 Re3 42. Re7 1-0

[Event "Lloyds Bank Masters 04th"]
[Site "London"]
[Date "1980.08.27"]
[Round "8.3"]
[White "Gheorghiu, Florin"]
[Black "Knott, Simon JB"]
[Result "1-0"]
[WhiteElo "2605"]
[BlackElo "2220"]
[PlyCount "69"]
[EventDate "1980.08.20"]
[EventType "swiss"]
[EventRounds "9"]
[EventCountry "ENG"]
[SourceTitle "BritBase"]
[Source "John Saunders"]
[SourceDate "2020.09.07"]
[SourceVersion "1"]
[SourceVersionDate "2020.09.07"]
[SourceQuality "2"]

1. d4 Nf6 2. c4 g6 3. Nc3 d5 4. f3 c6 5. e4 dxe4 6. fxe4 e5 7. d5 Bc5 8. Qf3
Nbd7 9. Bd3 Nh5 10. Nge2 Qf6 11. Rf1 Qxf3 12. Rxf3 O-O 13. g4 Ng7 14. Bh6 Be7
15. h3 Nc5 16. Bc2 a5 17. O-O-O Bd7 18. Be3 b6 19. a3 f5 20. b4 axb4 21. axb4
Ra1+ 22. Kd2 Nxe4+ 23. Bxe4 Rxd1+ 24. Kxd1 fxe4 25. Rxf8+ Kxf8 26. dxc6 Bxc6
27. b5 Bb7 28. Na4 Ne6 29. Nxb6 Bg5 30. Bxg5 Nxg5 31. c5 Ke7 32. Nc3 Nxh3 33.
Ncd5+ Bxd5 34. Nxd5+ Kd7 35. c6+ {Source: The Guardian, 6 September 1980} 1-0

[Event "Lloyds Bank Masters 04th"]
[Site "London"]
[Date "1980.08.27"]
[Round "8.4"]
[White "Povah, Nigel Edward"]
[Black "Shamkovich, Leonid"]
[Result "0-1"]
[WhiteElo "2385"]
[BlackElo "2515"]
[PlyCount "64"]
[EventDate "1980.08.20"]
[EventType "swiss"]
[EventRounds "9"]
[EventCountry "ENG"]
[SourceTitle "BritBase"]
[Source "John Saunders"]
[SourceDate "2020.09.07"]
[SourceVersion "1"]
[SourceVersionDate "2020.09.07"]
[SourceQuality "2"]

1. e4 d5 2. exd5 Nf6 3. d4 Nxd5 4. Nf3 Bf5 5. a3 c6 6. c4 Nf6 7. Nc3 e6 8. Be2
Bd6 9. Ne5 Nbd7 10. f4 Ne4 11. Nxe4 Bxe4 12. O-O O-O 13. Bg4 Nf6 14. Bf3 Bxf3
15. Rxf3 c5 16. Be3 Qc7 17. dxc5 Bxc5 18. b4 Rfd8 19. Qe2 Bxe3+ 20. Rxe3 Rd4
21. Rd1 Rxf4 22. g3 Rf5 23. g4 Rg5 24. Rd4 h5 25. h4 Rxe5 26. Rxe5 Nxg4 27.
Rxg4 hxg4 28. Re3 Qf4 29. Rd3 Rc8 30. c5 b6 31. cxb6 axb6 32. Kg2 Kh7 0-1

[Event "Lloyds Bank Masters 04th"]
[Site "London"]
[Date "1980.08.27"]
[Round "8.5"]
[White "Ligterink, Gert"]
[Black "Watson, William N"]
[Result "1-0"]
[WhiteElo "2455"]
[BlackElo "2300"]
[PlyCount "49"]
[EventDate "1980.08.20"]
[EventType "swiss"]
[EventRounds "9"]
[EventCountry "ENG"]
[SourceTitle "BritBase"]
[Source "John Saunders"]
[SourceDate "2020.09.07"]
[SourceVersion "1"]
[SourceVersionDate "2020.09.07"]
[SourceQuality "2"]

1. d4 Nf6 2. c4 c5 3. d5 e5 4. Nc3 d6 5. e4 Be7 6. Be2 Nbd7 7. Nf3 O-O 8. O-O
Ne8 9. Rb1 g6 10. Bh6 Ng7 11. Qd2 Nf6 12. Ne1 Kh8 13. Nd3 Ng8 14. Be3 f5 15. f4
exf4 16. Bxf4 fxe4 17. Nxe4 Nf5 18. b4 b6 19. bxc5 bxc5 20. g4 Nd4 21. Ndxc5
Nxe2+ 22. Qxe2 g5 23. Qb2+ Bf6 24. Nxf6 Qxf6 25. Be5 {Source: BCM, November
1980, p564} 1-0

[Event "Lloyds Bank Masters 04th"]
[Site "London"]
[Date "1980.08.27"]
[Round "8.7"]
[White "Sowray, Peter J"]
[Black "Iskov, Gert"]
[Result "0-1"]
[WhiteElo "2240"]
[BlackElo "2400"]
[PlyCount "66"]
[EventDate "1980.08.20"]
[EventType "swiss"]
[EventRounds "9"]
[EventCountry "ENG"]
[SourceTitle "BritBase"]
[Source "John Saunders"]
[SourceDate "2020.09.07"]
[SourceVersion "1"]
[SourceVersionDate "2020.09.07"]
[SourceQuality "2"]

1. e4 Nf6 2. e5 Nd5 3. d4 d6 4. Nf3 Bg4 5. Be2 c6 6. Ng5 Bxe2 7. Qxe2 dxe5 8.
dxe5 e6 9. Qh5 g6 10. Qf3 Qc7 11. O-O Bg7 12. Re1 Na6 13. Na3 h6 14. Ne4 Bxe5
15. c4 Ne7 16. Nf6+ Bxf6 17. Qxf6 O-O-O 18. Qxf7 Nc5 19. Be3 Rhf8 20. Qg7 Nd3
21. Red1 Nf5 22. Qxg6 Qe5 23. Rd2 Rg8 24. Qh5 Rxg2+ 25. Kh1 Nxf2+ 26. Bxf2 Rxd2
27. Qe8+ Rd8 28. Qxd8+ Kxd8 29. Kxg2 Qxb2 30. Rd1+ Ke8 31. Rd3 e5 32. c5 e4 33.
Nc4 Qg7+ 0-1

[Event "Lloyds Bank Masters 04th"]
[Site "London"]
[Date "1980.08.27"]
[Round "8.8"]
[White "Pliester, Leon"]
[Black "Pytel, Krzysztof"]
[Result "1-0"]
[WhiteElo "2245"]
[BlackElo "2450"]
[PlyCount "75"]
[EventDate "1980.08.20"]
[EventType "swiss"]
[EventRounds "9"]
[EventCountry "ENG"]
[SourceTitle "BritBase"]
[Source "John Saunders"]
[SourceDate "2020.09.07"]
[SourceVersion "1"]
[SourceVersionDate "2020.09.07"]
[SourceQuality "2"]

1. d4 Nf6 2. c4 c5 3. d5 g6 4. Nc3 Bg7 5. e4 d6 6. Bd3 O-O 7. Nge2 e5 8. h3 a6
9. g4 b5 10. cxb5 axb5 11. Bxb5 Qa5 12. f3 Na6 13. O-O Rb8 14. a4 Ne8 15. Ra3
Nb4 16. Kh1 Qd8 17. f4 Qh4 18. Ng1 f5 19. exf5 gxf5 20. g5 h6 21. gxh6 Bxh6 22.
Nce2 Bb7 23. Rg3+ Kh7 24. Qe1 Bxd5+ 25. Kh2 Qf6 26. fxe5 dxe5 27. Bxh6 Qxh6 28.
Nf3 Bxf3 29. Rfxf3 Nd6 30. Qc3 Nxb5 31. axb5 Qd6 32. Qc4 Rb7 33. Rg5 f4 34.
Qe4+ Kh8 35. Rxe5 Rf6 36. Rxf4 Rbf7 37. Rh4+ Kg7 38. Qh7+ 1-0

[Event "Lloyds Bank Masters 04th"]
[Site "London"]
[Date "1980.08.27"]
[Round "8.10"]
[White "Cox, John J"]
[Black "Sax, Gyula"]
[Result "0-1"]
[WhiteElo "2180"]
[BlackElo "2570"]
[PlyCount "50"]
[EventDate "1980.08.20"]
[EventType "swiss"]
[EventRounds "9"]
[EventCountry "ENG"]
[SourceTitle "BritBase"]
[Source "John Saunders"]
[SourceDate "2020.09.07"]
[SourceVersion "1"]
[SourceVersionDate "2020.09.07"]
[SourceQuality "2"]

1. c4 e5 2. Nc3 Nc6 3. g3 g6 4. Bg2 Bg7 5. d3 d6 6. e3 Nge7 7. Rb1 O-O 8. b4 a6
9. a4 a5 10. b5 Nb4 11. Ba3 c5 12. bxc6 bxc6 13. Bxb4 axb4 14. Rxb4 Qa5 15. Rb3
e4 16. Nge2 exd3 17. Qxd3 Ba6 18. Qd2 Bxc4 19. Rb7 Rab8 20. Rxe7 Bxe2 21. Kxe2
Bxc3 22. Qxd6 Rb2+ 23. Kf3 Qh5+ 24. g4 Qh4 25. Rf1 Be1 0-1

[Event "Lloyds Bank Masters 04th"]
[Site "London"]
[Date "1980.08.27"]
[Round "8.11"]
[White "Conquest, Stuart"]
[Black "Langeweg, Kick"]
[Result "0-1"]
[WhiteElo "2120"]
[BlackElo "2425"]
[PlyCount "86"]
[EventDate "1980.08.20"]
[EventType "swiss"]
[EventRounds "9"]
[EventCountry "ENG"]
[SourceTitle "BritBase"]
[Source "John Saunders"]
[SourceDate "2020.09.07"]
[SourceVersion "1"]
[SourceVersionDate "2020.09.07"]
[SourceQuality "2"]

1. b4 c6 2. Bb2 Qb6 3. a3 a5 4. c4 axb4 5. c5 Qc7 6. axb4 Rxa1 7. Bxa1 d6 8. d4
Nf6 9. Nf3 g6 10. e3 Bg7 11. Be2 Nd5 12. Qd2 O-O 13. O-O b6 14. Rc1 Bf5 15. Nc3
Nxc3 16. Qxc3 bxc5 17. bxc5 d5 18. Nd2 Nd7 19. g4 Be6 20. f4 Nf6 21. g5 Nd7 22.
Kg2 Bf5 23. Bd3 Bg4 24. h3 Be6 25. Qc2 Qc8 26. Rh1 f6 27. h4 fxg5 28. hxg5 Bf5
29. e4 Bxe4+ 30. Nxe4 Rxf4 31. Ng3 Nf8 32. Qe2 Ne6 33. Ba6 Qd7 34. Qe3 Rg4 35.
Rf1 Rxg5 36. Re1 Kf7 37. Bd3 h5 38. Kh2 Bf6 39. Bc3 Rg4 40. Rf1 Ng5 41. Rf4
Rxf4 42. Qxf4 Qh3+ 43. Kg1 h4 0-1